000 01074nam a2200181Ia 4500
008 151202s9999||||xx |||||||||||||| ||und||
082 _bPNVM-124396
100 _aसातपुते वीणा श्रीधर.
245 _aअभिनव सुभाषिते संस्कृत मराठी इंग्लिश 29 सुभाषिते अमरकोशसंदर्भसहित.
260 _b"गौतमी प्रकाशन, नासिक."
260 _c1996
300 _a120
600 _aसातपुते वीणा श्रीधर.
630 _aअभिनव सुभाषिते संस्कृत मराठी इंग्लिश 29 सुभाषिते अमरकोशसंदर्भसहित.
700 _aसातपुते वीणा श्रीधर.
730 _aअभिनव सुभाषिते संस्कृत मराठी इंग्लिश 29 सुभाषिते अमरकोशसंदर्भसहित.
942 _cBOOK
999 _c1354524
_d1354521